1510 1423 1057 1169 1677 1157 1047 1973 1616 1418 1589 1119 1915 1374 1474 1695 1928 1003 1271 1034 1385 1607 1799 1430 1307 1519 1823 1297 1540 1564 1528 1998 1376 1441 1175 1596 1667 1993 1783 1881 1271 1986 1037 1831 1956 1591 1654 1941 1591 1678 1858 1327 1478 1991 1742 1350 1270 1107 1620 1885 1333 1059 1065 1016 1381 1423 1970 1764 1069 1708 1625 1825 1394 1203 1870 1590 1563 1189 1649 1285 1901 1269 1458 1316 1787 1339 1082 1307 1095 1491 1598 1167 1730 1790 1562 1409 1783 1332 1711 BCNSPRNW ULIB Ver.6.0+V

เปลี่ยนเป็นภาษาไทย

Change to English
 แสดงรายละเอียดบรรณานุกรม
  กลับหน้าหลัก

Brief Record : Get Marc (ISO 2709) : E-mail record : QR code < ปิดหน้าต่าง
LEADER : 00000nam 2200000uu 4500
001    13399123203
003     ULIB
008    020711s2551 th a 000 0 tha d
020    9789749694107
090    นว.^bว298อ
100    วรางคณา
245    อัญมณีสื่อรัก/^cวรางคณา
250    พิมพ์ครั้งที่ 1
260    กรุงเทพฯ :^bดอกหญ้า,^c2551
300    181 หน้า;^b21 ซม.
710    ดอกหญ้า
945    ^p135^l0^i20339
999    ^aทศพร เกษรทอง
รายการนี้ยังไม่มีแท็ก
คุณยังไม่ได้ล็อกอิน คุณสามารถมีกิจกรรมร่วมกับเว็บไซต์ได้ แต่ต้องล็อกอินก่อน ::
  ล็อกอิน

รายการสื่อสารสนเทศ

ลำดับที่ ประเภท เลขเรียก/บาร์โค้ด สถานที่ สถานะ
1. นวนิยาย
นวนิยาย
นว. ว298อ ฉ.1 
  Barcode: 20339
ห้องสมุดวิทยาเขตนครสวรรค์
►นวนิยาย:l:Fiction
บนชั้น

รายการใกล้เคียง
    ผู้แต่ง [วรางคณา]

BibComment


ยังไม่เคยถูกคอมเมนท์

คอมเมนท์ทรัพยากรรายการนี้
  คอมเมนท์: อัญมณีสื่อรัก วรา..


 Copyright 2026. Bcnsprnw @Library